00564 2200205 4500001002100000005001800021008004100039020001800080035002400098090002200122100002900144245002600173250001100199260003100210300005600241650001600297850001500313999001500328999001500343YOGYA-1010000000092020101005085935126 ind  a979-497-025-5 0010-101000000000920 aDEP 664.133 Bud P aBudi Santoso, Hieronymus aPembuatan gula kelapa aCet. 1 aYogyakartabKanisiusc1993 a67 hlm . : ilus . ; 19 cm. -- Teknologi Tepat Guna) aGula kelapa aYOPDYOG[B] a99P0053454 a94d0020043